Click The Capitals Of North America On A Map - Statistics

General Stats
  • This quiz has been taken 66 times
  • The average score is 16 of 23
Answers on the Map
Answers color-coded by a green-red scale on the quiz's map according to % correct below.
 
Answer Stats
Answer % Correct
Havana
92%
Mexico City
92%
Panama City
92%
Washington, D.C.
92%
Guatemala City
89%
Ottawa
89%
Kingston
84%
San Salvador
84%
Nassau
76%
San Jose
76%
Santo Domingo
70%
Tegucigalpa
70%
Port-au-Prince
68%
Basseterre
59%
Port Of Spain
59%
Saint John's
59%
Bridgetown
57%
Managua
54%
Belmopan
51%
Castries
51%
Kingstown
43%
Roseau
43%
Saint George's
35%
No matching quizzes found
Score Distribution
Percent of People with Each Score
Percentile by Number Answered
Your Score History
You have not taken this quiz